|
|
|
|
| LEADER |
01280nam a22003012a 4500 |
| 001 |
000070588 |
| 003 |
CZ BrMZK |
| 005 |
20081113061834.0 |
| 007 |
ta |
| 008 |
950407s1973 xr f cze d |
| 015 |
|
|
|a cnb000461376
|
| 035 |
|
|
|a (OCoLC)85359591
|
| 040 |
|
|
|a BOA001
|b cze
|
| 041 |
1 |
|
|a cze
|h lat
|
| 100 |
1 |
|
|a Vyhlídal, Oldřich,
|d 1921-1989
|7 jk01151146
|4 red
|
| 245 |
1 |
0 |
|a Tisíc polibků :
|b starořímská milostná lyrika /
|c z překladů Josefa Stáhlíka,... [et al.] vybral a uspořádal Oldřich Vyhlídal ; kresby Antonína Procházky
|
| 246 |
3 |
|
|a 1000 polibků
|
| 250 |
|
|
|a 1. vyd. výboru
|
| 260 |
|
|
|a Praha :
|b Československý spisovatel,
|c 1973
|
| 300 |
|
|
|a 117 s.
|
| 490 |
1 |
|
|a Klub přátel poezie. Členská prémie
|
| 700 |
1 |
|
|a Stáhlík, Josef,
|d 1885-1963
|7 jk01120806
|4 trl
|
| 830 |
|
0 |
|a Klub přátel poezie (Československý spisovatel)
|0 s
|
| 856 |
4 |
1 |
|u http://www.digitalniknihovna.cz/mzk/uuid/uuid:943998d0-696a-11e4-8991-005056827e51
|y Digitalizovaný dokument
|x NDK
|
| 910 |
|
|
|a BOA001
|b PK-A-0014.269
|b 1-0715.302
|
| 990 |
|
|
|a BK
|
| 996 |
7 |
|
|b 2619974332
|c 1-0715.302
|l MZK
|r Sklad / do 1 hodiny
|n 0
|w 000070588
|u 000020
|a 1
|e BOA001
|j MZK50
|s A
|
| 996 |
7 |
|
|b 3119963997
|c PK-A-0014.269
|l MZK
|r Sklad / do 1 hodiny
|n 1
|w 000070588
|u 000010
|a 1
|e BOA001
|j MZK50
|s A
|